MARC

LEADER 00000nam0a2200000 4500
001 333226
005 20231102004532.0
035 |a (RuTPU)RU\TPU\book\359221 
090 |a 333226 
100 |a 20170608d1964 km y0rusy50 ca 
101 0 |a rus 
102 |a RU 
105 |a a z 001zy 
200 1 |a Заземление нейтрали в сетях напряжением до 110 КВ  |e обзор  |f Государственный производственный комитет по энергетике и электрификации СССР ; Государственный производственный комитет по энергетике и электрификации СССР ; Всесоюзный государственный трест по организации и рационализации районных электрических станций и сетей (ОРГРЭС) ; под ред. Л. М. Фингерf, Н. Н. Беляковf 
210 |a Москва  |c Бюро технической информации  |d 1964 
215 |a 88 с.  |c ил. 
225 1 |a Энергетика за рубежом 
320 |a Библиогр.: с. 86-87 
606 1 |a Электрические сети  |x Заземление  |2 stltpush  |3 (RuTPU)RU\TPU\subj\27399  |9 51159 
610 1 |a нейтрали 
610 1 |a способы 
610 1 |a американские системы 
610 1 |a западноевропейские страны 
610 1 |a зарубежный опыт 
610 1 |a электроустановки 
610 1 |a надежность 
610 1 |a линии связи 
610 1 |a резонансные заземления 
610 1 |a низкоомные заземления 
675 |a 621.316.99  |v 4 
702 1 |a Фингер  |b Л. М.  |4 340 
702 1 |a Беляков  |b Н. Н.  |4 340 
712 0 2 |a Государственный производственный комитет по энергетике и электрификации СССР  |2 stltpush  |3 (RuTPU)RU\TPU\col\7465  |9 24333 
712 0 2 |a Государственный производственный комитет по энергетике и электрификации СССР  |2 stltpush  |3 (RuTPU)RU\TPU\col\7465  |9 24333 
712 0 2 |a Всесоюзный государственный трест по организации и рационализации районных электрических станций и сетей (ОРГРЭС)  |c (Москва)  |c (1939-1977)  |2 stltpush  |3 (RuTPU)RU\TPU\col\8705 
801 1 |a RU  |b 63413507  |c 20170608 
801 2 |a RU  |b 63413507  |c 20201125  |g RCR 
942 |c BK